| 000 | 00880nam a22002537a 4500 | ||
|---|---|---|---|
| 005 | 20240205100204.0 | ||
| 008 | 220623b th ||||| |||| 00| 0 tha d | ||
| 020 | _a9781484721834 | ||
| 040 |
_beng _cAITISLIB |
||
| 099 | _aSF-561 | ||
| 100 | 1 | _aRiordan, Rick | |
| 245 | 1 | 4 | _aThe blood of Olympus |
| 260 |
_aLos Angeles : _b Disney-Hyperion, _c2014 |
||
| 300 | _a516 p. | ||
| 350 | _a395 THB | ||
| 500 | _aThe Greek and Roman demigods must simultaneously prevent the earth mother, Gaea, from waking and stop war from breaking out at Camp Half-Blood. | ||
| 650 | 0 |
_aJackson, Percy (Fictitious character) _xJuvenile fiction |
|
| 650 | 0 |
_aGaia (Greek deity) _xJuvenile fiction |
|
| 650 | 0 |
_aMythology, Greek _xJuvenile fiction |
|
| 650 | 0 |
_aMythology, Roman _xJuvenile fiction |
|
| 650 | 0 |
_aQuests (Expeditions) _xJuvenile fiction |
|
| 850 | _aAITISLIB | ||
| 942 |
_cSF _05 |
||
| 999 |
_c1387 _d1387 |
||